Familia y derecho: estudios sobre la realidad de la familia

Guardat en:
Dades bibliogràfiques
Autor principal: Corral Talciani, Hernán Felipe (Autor)
Format: Llibre
Idioma:espanyol
Publicat: Santiago Universidad de los Andes 1994
Col·lecció:Colección Jurídica, 1
Matèries:
Etiquetes: Afegir etiqueta
Sense etiquetes, Sigues el primer a etiquetar aquest registre!

MARC

LEADER 00000nam a2200000 a 4500
001 UCT0833
003 CL-VaPUC
008 960906e19940000CL |||||||||||||||||spa|d
020 |a 9567160058 
082 0 4 |a 346.015  |b COR  |2 21 
100 0 |a Corral Talciani, Hernán Felipe  |e author  |9 369372 
245 1 0 |a Familia y derecho: estudios sobre la realidad de la familia 
300 |a 229 p 
942 |c BK 
945 |d 19960906 00:00:00  |a rleighto 
260 |a Santiago  |b Universidad de los Andes  |c 1994 
650 0 |a Derecho de familia  |9 255603 
650 0 |a Familias   |9 255641 
650 0 |a Derecho natural   |9 255041 
650 7 |a MATRIMONIO  |2 CL-VaPUC  |9 369373 
650 0 |a Nulidad   |9 256755 
650 7 |a DIVORICIO  |2 CL-VaPUC  |9 369374 
650 0 |a Educación  |9 258661 
651 7 |a CHILE  |2 CL-VaPUC  |9 369375 
583 |a last modification  |c 20140410 11:04:23  |k Rodrigo Vera 
490 0 |a Colección Jurídica, 1 
999 |c 251533  |d 251531 
952 |0 0  |1 0  |4 0  |6 346_015000000000000_COR_1994  |7 0  |8 A  |9 270761  |a BIBDER  |b BIBDER  |d 2019-11-19  |i 3227782  |l 2  |m 2  |o 346.015 COR 1994  |p 3227782  |q 2025-12-31  |r 2021-10-08  |s 2021-10-08  |w 2019-11-19  |y BK  |k DER 
952 |0 0  |1 0  |4 0  |6 346_015000000000000_COR_1994  |7 0  |8 A  |9 270762  |a BIBDER  |b BIBDER  |d 2019-11-19  |i 4169182  |o 346.015 COR 1994  |p 4169182  |r 2023-01-25  |w 2019-11-19  |y BK  |k DER 
952 |0 0  |1 0  |4 0  |6 346_015000000000000_COR_1994  |7 0  |8 A  |9 270763  |a BIBDER  |b BIBDER  |d 2019-11-19  |i 4179358  |l 1  |m 4  |o 346.015 COR 1994  |p 4179358  |q 2025-12-31  |r 2020-03-05  |s 2020-03-05  |w 2019-11-19  |y BK  |k DER